| 000 | 00571nam a2200205Ia 4500 | ||
|---|---|---|---|
| 005 | 20250326144154.0 | ||
| 008 | 250326s9999 xx 000 0 und d | ||
| 020 | _a978-1-56327-361-2 | ||
| 037 | _aTextbook | ||
| 040 |
_aFMSL _beng _cFMSL |
||
| 041 |
_aeng _2eng |
||
| 084 |
_aX:8(A) P7 _qFMSL |
||
| 100 |
_aVenegas C _9749180 |
||
| 245 | 0 |
_aFlow in the office: implementaining and lean improvements _cVenegas C |
|
| 260 |
_aNY _bNY, Poductivity _c2007 |
||
| 300 | _a121p | ||
| 365 | _b1526.0364 | ||
| 942 |
_cTB _hX:8(A) P7 |
||
| 999 |
_c1302654 _d1302654 |
||